000 00883nam a22002417a 4500
008 240702b mp ||||| |||| 00| 0 mon d
035 _a10405
040 _aSU1322070
_bmon
_cMN-UlNLM
_dMN-UlNLM
_erda
041 _amon
042 _a59676
084 _2NNA
_a84.35
_bМ-263
100 _aМаркес Г Г.
245 0 _aЗуун жилийн ганцаардал
264 _aУБ
_bМон судар
_c2009
300 _a311х.
336 _2rdacontent
_atext
_btxt
337 _2rdamedia
_aunmediated
_bn
338 _2rdacarrier
_avolume
_bnc
490 _v47
650 _aАгуулга : Габриэль Гарсиа Маркесын " Зуун жилийн ганцаардал " роман Америк тивийн утга зохиолын түүхэнд онцгой ач холбогдол бүх...
942 _2NNA
_cBK
999 _c1068255
_d1068312